Zvyšovanie miezd je na spadnutie

Pracovníci u nás patria medzi tých najproduktívnejších na svete, napriek tomu sa však neustále sťažujú na nízke platy, z ktorých len ťažko vyžijú. V rozhovore s riaditeľom komunikácie a vzťahov pre Slovenskú a Českú republiku v spoločnosti Profesia, Martinom Menšíkom sme sa dozvedeli viac o aktuálne...

Descrizione completa

Salvato in:
Dettagli Bibliografici
Autore principale: Alenová, Gabriela
Altri autori: Menšík, Martin
Natura: Capitolo di libro
Lingua:slovacco
Soggetti:
Tags: Aggiungi Tag
Nessun Tag, puoi essere il primo ad aggiungerne!!

MARC

LEADER 00000naa a2200000 4500
001 0295169
005 20240417075241.1
041 0 |a slo 
044 |a SK 
245 1 0 |a Zvyšovanie miezd je na spadnutie  |c Gabriela Alenová, Martin Menšík 
520 |a Pracovníci u nás patria medzi tých najproduktívnejších na svete, napriek tomu sa však neustále sťažujú na nízke platy, z ktorých len ťažko vyžijú. V rozhovore s riaditeľom komunikácie a vzťahov pre Slovenskú a Českú republiku v spoločnosti Profesia, Martinom Menšíkom sme sa dozvedeli viac o aktuálnej situácií na pracovnom trhu. Tá nepoteší najmä zamestnávateľov. 
610 2 0 |a trh práce 
610 2 0 |a mzdy 
610 2 0 |a zamestnanci 
610 2 0 |a zamestnávatelia 
610 2 0 |a vzťahy pracovné 
100 1 |a Alenová, Gabriela 
700 1 |a Menšík, Martin